000
00300nam a22001217a 4500
082
_a
823
_b
JAI/P
100
_a
JAIN, KULDEEP
245
_a
THE PIED PIPER OF HAMELIN
246
_a
THE PIED PIPER OF HAMELIN
_b
THE PIED PIPER OF HAMELIN
260
_a
NEW DELHI
_b
PEGASUS
_c
2025
300
_a
16
942
_c
BK
999
_c
9168
_d
9168